Statistics for Charlotte Hornets Top 10 Leaders Playoffs

Click here to take the quiz!

General Stats

  • This quiz has been taken 146 times
  • The average score is 10 of 20

Answer Stats

Answer% Correct
Kemba Walker
99%
Larry Johnson
92%
Alonzo Mourning
89%
Muggsy Bogues
76%
Glen Rice
75%
Dell Curry
71%
Baron Davis
60%
Jamal Mashburn
55%
Al Jefferson
53%
Anthony Mason
44%
P.J. Brown
44%
Kendall Gill
42%
Vlade Divac
40%
David Wesley
37%
Elden Campbell
31%
Jamaal Magloire
22%
Derrick Coleman
10%
Eddie Robinson
10%
David Wingate
8%
George Lynch
7%

Score Distribution

Percentile by Number Answered

Percent of People with Each Score

Your Score History

You have not taken this quiz